000 00300nam a22001337a 4500
008 170412b xxu||||| |||| 00| 0 eng d
020 _a9781887571050
041 _aeng
080 _22 ED
_a618
100 _a10
101 _aSHM
245 _aNEWBORN INTENSIVE CARE
_cZAICHKIN.J
942 _2udc
_cBK
999 _c10493
_d10493